Návody na cvičenia z predmetu ASR výrobných procesov /

Gespeichert in:
Bibliographische Detailangaben
1. Verfasser: Malindžák, Dušan (Verfasst von)
Format: Buch
Sprache:Slowakisch
Veröffentlicht: Košice : Vysoká škola technická v Košiciach, 1987
Ausgabe:1.vyd.
Schlagworte:
Tags: Tag hinzufügen
Keine Tags, Fügen Sie das erste Tag hinzu!

MARC

LEADER 00000nam a22000003a 4500
001 stu40484
005 20150617225721.6
008 930506s1987----cs------------------slo-d
040 |a STU  |b slo 
041 0 |a slo 
044 |a cs 
080 |a 681.51(075.8) 
100 1 |a Malindžák, Dušan  |4 aut 
245 1 |a Návody na cvičenia z predmetu ASR výrobných procesov /  |c [aut.]Dušan Malindžák 
250 |a 1.vyd. 
260 |a Košice :  |b Vysoká škola technická v Košiciach,  |c 1987 
300 |a 187 s 
650 7 |a ASR  |2 stusub 
650 7 |a Procesy výrobné  |2 stusub 
650 7 |a výroba  |2 stusub 
996 |b 284M008384  |c M*S-791-1  |l MMKN  |s A  |a 24  |w stu40484_0001